| 000 | 00569nam a2200217Ia 4500 | ||
|---|---|---|---|
| 001 | 837 | ||
| 003 | GE_BSU | ||
| 008 | 181216s||||||||xx |||||||||||||| ||und|| | ||
| 040 | _cGE_BSU | ||
| 080 | _a902/304,,652 | ||
| 100 | _aБлаватский, В.Д. | ||
| 245 | _aАнтичная Полевая Археология. | ||
| 260 | _aМосква | ||
| 260 | _bНаук | ||
| 260 | _c1967 | ||
| 300 | _a208 с. | ||
| 541 | _h5 л. | ||
| 653 | _aАнтичная Полевая Археология | ||
| 653 | _aარქეოლოგია | ||
| 942 | _cBK | ||
| 999 |
_c34999 _d34999 |
||